[Event "Interzonal-15"]
[Site "Manila"]
[Date "1990.??.??"]
[Round "2"]
[White "Piasetski, Leon David"]
[Black "Popovic, Petar"]
[Result "1/2-1/2"]
[WhiteElo "2410"]
[BlackElo "2520"]
[Annotator "Ribli,Z"]
[PlyCount "95"]
[EventDate "1990.06.29"]
[EventType "swiss"]
[EventRounds "13"]
[EventCountry "PHI"]
[SourceTitle "CBM 019"]
[Source "ChessBase"]
[SourceDate "1990.12.01"]
[SourceVersion "1"]
[SourceVersionDate "1990.12.01"]
[SourceQuality "1"]

1. c4 e5 2. g3 Nc6 3. Bg2 f5 4. Nc3 Nf6 5. d3 Bb4 6. Bd2 O-O 7. a3 (7. e3 Bxc3
8. Bxc3 d6 9. Ne2 Qe8 10. b4 Kh8 11. Qd2 Be6 $10 {Reuben-Seret France 1975})
7... Bxc3 8. Bxc3 d6 9. b4 Qe8 10. Nf3 Bd7 11. b5 Nd8 12. Nd2 Kh8 13. a4 Rb8
14. Qc2 Ne6 15. e3 Qh5 16. h3 c6 17. f4 $2 exf4 18. exf4 Qg6 (18... Nxf4 $1 19.
gxf4 Rbe8+ $19) 19. Kf2 Nh5 20. Nf1 a6 21. bxa6 bxa6 22. Bf3 c5 23. a5 Nd4 24.
Bxd4 cxd4 25. Rb1 Rxb1 26. Qxb1 Nf6 27. Qb6 $6 (27. Kg1 $5) 27... Ne4+ 28. dxe4
fxe4 29. Bd1 e3+ 30. Nxe3 $1 dxe3+ 31. Qxe3 Bc6 32. Re1 $14 h6 33. Bf3 (33. Qd4
$5) 33... Bxf3 34. Qxf3 Qc2+ 35. Qe2 Qc3 36. Rd1 Qxa5 37. Qe7 Qc5+ 38. Kg2 Rb8
39. Qxd6 Rb2+ 40. Kf3 Qxc4 41. Qd8+ Kh7 42. Qd3+ Qxd3+ 43. Rxd3 Ra2 44. Rb3 a5
45. Rb7 a4 46. Ra7 Ra1 47. Kg4 a3 48. h4 {Ribli} 1/2-1/2

[Event "Interzonal-15"]
[Site "Manila"]
[Date "1990.??.??"]
[Round "5"]
[White "Mascarinas, Rico"]
[Black "Ye, Rongguang"]
[Result "1-0"]
[WhiteElo "2465"]
[BlackElo "2525"]
[Annotator "Ribli,Z"]
[PlyCount "101"]
[EventDate "1990.06.29"]
[EventType "swiss"]
[EventRounds "13"]
[EventCountry "PHI"]
[SourceTitle "CBM 019"]
[Source "ChessBase"]
[SourceDate "1990.12.01"]
[SourceVersion "1"]
[SourceVersionDate "1990.12.01"]
[SourceQuality "1"]

1. c4 Nc6 2. Nc3 e5 3. g3 d6 4. Bg2 g6 5. e3 Bg7 6. Nge2 Be6 $6 7. d4 $1 exd4
8. Nxd4 Nge7 (8... Bd7 $5) 9. Nxe6 fxe6 10. Ne2 (10. O-O O-O 11. Bd2 Rb8 12.
Rb1 a6 13. Qe2 Qd7 14. Rfd1 $14 {Saidy-Addison USA ch 1963/64}) 10... e5 11. e4
Qd7 12. Be3 Na5 13. Qd3 c5 14. Rd1 Rd8 15. h4 $1 Qe6 16. b3 Nac6 17. Bh3 Qf7
18. O-O O-O 19. f4 $1 Qe8 20. Be6+ Kh8 21. f5 Nd4 22. Nxd4 exd4 23. Bg5 Bf6 24.
Bxf6+ Rxf6 25. g4 Nc6 26. g5 Rxe6 (26... Rf8 27. Qg3 Ne5 28. Rf2 Qe7 29. Rdf1)
27. fxe6 Qxe6 28. Qf3 Kg8 29. Rd2 Ne5 30. Qg3 a6 31. Rg2 d3 (31... b5 $5) 32.
Rf6 Qe7 33. a4 a5 34. Qh3 Kh8 35. Rgf2 b6 36. h5 $1 gxh5 37. Qxh5 Rg8 38. Kf1
Qg7 39. Rh6 Qe7 40. Rhf6 Qg7 41. Rxd6 Qe7 42. Rdf6 Qd8 43. g6 $1 Nxg6 44. Rf7
Rg7 45. Qh6 Qd4 46. Qxg7+ Qxg7 47. Rxg7 Kxg7 48. Rf5 h5 49. Rxh5 Nf4 50. Rh1
Ne2 51. Kf2 {Ribli} 1-0

[Event "Interzonal-15"]
[Site "Manila"]
[Date "1990.??.??"]
[Round "8"]
[White "Piasetski, Leon David"]
[Black "Afifi, Assem"]
[Result "1/2-1/2"]
[WhiteElo "2410"]
[BlackElo "2400"]
[Annotator "Ribli,Z"]
[PlyCount "162"]
[EventDate "1990.06.29"]
[EventType "swiss"]
[EventRounds "13"]
[EventCountry "PHI"]
[SourceTitle "CBM 019"]
[Source "ChessBase"]
[SourceDate "1990.12.01"]
[SourceVersion "1"]
[SourceVersionDate "1990.12.01"]
[SourceQuality "1"]

1. c4 e5 2. g3 Nc6 3. Bg2 g6 4. Nc3 Bg7 5. Rb1 a5 (5... h5 6. h4 d6 7. b4 Nge7
8. d3 Nd4 9. e3 Ne6 10. Nge2 O-O 11. O-O Nf5 {Filipowicz,A-Goldin,A Warsaw
1990 CBM 17}) 6. a3 d6 7. b4 axb4 8. axb4 Nf6 9. d3 (9. b5 Ne7 10. Nf3 O-O 11.
O-O {Azmayparashvili,Z-Hellers,F Groningen 1989 CBM 16}) (9. e3 Bg4 10. Qc2 Qc8
11. d3 O-O 12. h3 Bd7 13. Nge2 Ne7 14. Bb2 h5 15. b5 c6 {
Azmayparashvili-Lerner Berlin 1989 47/28}) 9... O-O 10. Bg5 (10. b5 Nd4 11. e3
Ne6 12. Nge2 Re8 13. O-O Nc5 {Kasparov-Hort Koln m 1988 46/(23)}) 10... h6 11.
Bxf6 Bxf6 12. Nf3 Be6 13. Nd2 Qd7 14. b5 Nd8 15. Nd5 Bg7 16. Qb3 f5 17. O-O Bf7
18. Qb4 Ne6 19. Nb3 Nd4 20. Nxd4 exd4 21. c5 $1 dxc5 22. Qxc5 Ra2 23. Nxc7 Rb8
24. Rfc1 Rxe2 25. Qa7 Rf8 26. Qxb7 Rd2 27. Qc6 Qxc6 28. Rxc6 (28. bxc6 $5 Rxd3
29. Nd5 $16) 28... Rxd3 29. b6 Rb3 $1 30. Rxb3 Bxb3 31. b7 d3 32. Na6 (32. Rd6
$5) 32... d2 33. Bf3 Be5 34. Rxg6+ Kh7 35. Rb6 d1=Q+ 36. Bxd1 Bxd1 37. b8=Q
Bxb8 38. Nxb8 Bf3 39. Rb3 Bd5 40. Rb5 Be4 41. Nd7 Rf7 42. Ne5 Rb7 43. Rxb7+
Bxb7 44. f4 Kg7 45. Kf2 Kf6 46. Ke3 Ke6 47. Kd4 Bg2 48. Kc5 Be4 49. Nc6 Kd7 50.
Nd4 Ke7 51. Nb5 Ke6 52. Nd6 Bg2 53. Nc4 Be4 54. Ne5 Bg2 55. Kb6 Be4 56. Kc7 Ke7
57. Nc4 Bb1 58. Nb6 Be4 59. Nc8+ Ke6 60. Kd8 Bc6 61. Nb6 Bb5 62. Kc7 Be8 63.
Nc4 Ba4 64. Ne3 Bb5 65. Nc2 Bd3 66. Nd4+ Ke7 67. Nc6+ Ke6 68. Kd8 Be4 69. Nb4
Kd6 70. Ke8 Ke6 71. Kf8 Kf6 72. Na6 Kg6 73. Nc5 Kh5 74. Kg7 Kg4 75. Kxh6 Kh3
76. Kg5 Bb1 77. Nb3 Kxh2 78. Kh4 Kg2 79. Nd4 Kf2 80. Nxf5 Bxf5 81. g4 Bd7 {
Ribli} 1/2-1/2

[Event "Interzonal-15"]
[Site "Manila"]
[Date "1990.??.??"]
[Round "2"]
[White "Ftacnik, Lubomir"]
[Black "Juarez Flores, Carlos Armando"]
[Result "1-0"]
[WhiteElo "2550"]
[BlackElo "2425"]
[Annotator "Ribli,Z"]
[PlyCount "37"]
[EventDate "1990.06.29"]
[EventType "swiss"]
[EventRounds "13"]
[EventCountry "PHI"]
[SourceTitle "CBM 019"]
[Source "ChessBase"]
[SourceDate "1990.12.01"]
[SourceVersion "1"]
[SourceVersionDate "1990.12.01"]
[SourceQuality "1"]

1. c4 e5 2. g3 Nc6 3. Bg2 Nf6 4. Nc3 g6 5. Rb1 Bg7 6. a3 a5 7. b4 axb4 8. axb4
O-O 9. d3 d6 10. b5 Ne7 11. Qb3 Rb8 $6 (11... h6 12. Nf3 Be6 13. O-O Qd7 14. d4
exd4 15. Nxd4 Bh3 {Kortschnoj,V-Piket,Je Tilburg 1989 CBM 15}) 12. Nf3 Bf5 13.
O-O Qd7 14. Ba3 Rfe8 15. c5 e4 $2 16. Ng5 $1 Be6 17. Nxe6 fxe6 18. cxd6 cxd6
19. dxe4 {Ribli} 1-0

[Event "Rotterdam"]
[Site "Rotterdam"]
[Date "1990.??.??"]
[Round "?"]
[White "Kortschnoj, Viktor Lvovich"]
[Black "Short, Nigel D"]
[Result "1-0"]
[WhiteElo "2625"]
[BlackElo "2635"]
[Annotator "Ribli,Z"]
[PlyCount "79"]
[EventDate "1990.05.??"]
[EventType "tourn"]
[EventRounds "6"]
[EventCountry "NED"]
[EventCategory "16"]
[SourceTitle "CBM 018"]
[Source "ChessBase"]
[SourceDate "1990.10.01"]
[SourceVersion "1"]
[SourceVersionDate "1990.10.01"]
[SourceQuality "1"]

1. c4 e5 2. g3 Nc6 3. Nc3 g6 4. Bg2 Bg7 5. e3 d6 6. Nge2 h5 7. d4 h4 {7...exd4
8.Nxd4, Nge7 9.Nxc6, Nxc6 10.h3, Be6 11.Qa4, Qd7 12.Bd2 +/= Cvetkovic-Raicevic
47/30} 8. d5 Nce7 9. e4 f5 {9...hxg3 10.hxg3 Cvetkovic,S-Kontic,V Vrnjacka
Banja 1989 CBM/13 i 47/(30)} 10. Ng1 {10.Bg5, h3 11.Bf1 +/=  Larsen-Karlsson
Kobenhavn 1985 i 39/41} Nf6 11. Bg5 $1 {11.Nh3, fxe4 12.Ng5, Bh6! 
Hort-Seirawan Wijk aan Zee 1983 i 35/36} hxg3 12. hxg3 Rxh1 13. Bxh1 Kf7 14.
Qe2 Qh8 15. Bg2 Bd7 16. O-O-O Qh5 17. Qxh5 Nxh5 18. Nh3 Rh8 19. Rh1 Bf6 20. Bd2
Kg7 21. Nb5 $1 fxe4 22. Nc3 $1 Ng8 23. Nxe4 Be7 24. Nhg5 Ngf6 25. Ne6+ Bxe6 26.
dxe6 c6 27. Ng5 Re8 28. Bf3 Bf8 29. Bxh5 gxh5 {29...Nxh5 30.g4, Nf6 31.f4! +/=}
30. f4 $1 exf4 31. gxf4 Kg6 32. Nf3 Ne4 {32...Rxe6 33.f5+!, Kxf5 34.Nd4+ +/-}
33. Be3 c5 34. Nh4+ Kf6 35. f5 Be7 36. Rf1 Kg7 37. Rg1+ Kf6 38. Bf4 Bd8 39. Kc2
a6 40. Rg2 1-0

[Event "Munich SKA"]
[Site "Munich"]
[Date "1991.05.12"]
[Round "8"]
[White "Huebner, Robert"]
[Black "Hertneck, Gerald"]
[Result "1/2-1/2"]
[WhiteElo "2620"]
[BlackElo "2535"]
[Annotator "Ribli,Z"]
[PlyCount "124"]
[EventDate "1991.05.04"]
[EventType "tourn"]
[EventRounds "13"]
[EventCountry "GER"]
[EventCategory "14"]
[SourceTitle "CBM 023"]
[Source "ChessBase"]
[SourceDate "1991.08.01"]
[SourceVersion "1"]
[SourceVersionDate "1991.08.01"]
[SourceQuality "1"]

1. c4 e5 2. Nc3 Nc6 3. g3 g6 4. Bg2 Bg7 5. Rb1 a5 6. d3 d6 7. e3 Nf6 $5 (7...
f5 8. Nge2 Nf6 9. b3 O-O 10. Bb2 Bd7 11. Qd2 Rb8 12. O-O b6 13. Rbe1 Kh8 14. f4
Ng4 15. Nd5 $14 {Gurevich,M-Kamsky,G Reggio Top 16 1991 CBM/22}) 8. Nge2 O-O (
8... h5 $5 9. h3 O-O 10. b3 Be6 11. Nd5 Rb8 12. Qd2 Qd7 13. Nec3 Ne8 14. Bb2 b6
15. Rc1 Ne7 $13 {Ehlvest,J-Karpov,An Linares 1991 CBM/22}) 9. O-O Be6 10. Nd5
Qd7 11. Nec3 Ne8 12. a3 Bh3 13. Bxh3 Qxh3 14. b4 axb4 15. axb4 Qd7 16. Bd2 Ne7
17. Nxe7+ Qxe7 18. Qf3 c6 19. b5 Rc8 20. Ra1 (20. bxc6 $5 bxc6 21. Rb6 Nf6 22.
Rfb1 $14 (22. Rxc6 $2 e4 $1 23. Nxe4 Nxe4 24. Rxc8 Nxd2 $19)) 20... e4 $1 21.
Qxe4 (21. dxe4 Bxc3 22. Bxc3 cxb5 23. Rab1 Rxc4 24. Bd4 Nc7 $13) 21... Qxe4 22.
dxe4 cxb5 23. cxb5 $6 (23. Nd5 $5 Rxc4 24. Rab1 Rxe4 25. Rxb5 $10) 23... Bxc3
24. Rac1 Bxd2 25. Rxc8 Nf6 26. Rc7 Rb8 27. Rd1 Ba5 28. Rc4 Ne8 29. Rdc1 Kf8 30.
Kg2 Ke7 31. Kf3 (31. f4 $5) 31... Bd8 32. Rc8 Rxc8 33. Rxc8 b6 34. Rb8 Nf6 35.
Rc8 Nd7 36. Ke2 Nc5 37. f3 Ne6 38. Kd3 h5 39. f4 Nc7 40. Kc4 f5 41. exf5 gxf5
42. Rb8 d5+ 43. Kb4 Ne6 44. Ra8 Kd7 45. h3 Nc5 46. Ra7+ Bc7 47. Kc3 Ne4+ 48.
Kd4 Nd6 49. Kxd5 Nxb5 50. Ra1 Nc3+ 51. Kc4 Ne4 52. Rg1 Nf6 53. Kb5 Ke6 54. Kc6
Bd8 55. Rd1 Be7 56. Kxb6 Ne4 57. Kc6 Nxg3 58. Rd5 Ne4 59. Re5+ Kf6 60. Kd5 Nc3+
61. Kc4 Ne4 62. Kd5 Nc3+ 1/2-1/2

[Event "Munich SKA"]
[Site "Munich"]
[Date "1991.05.06"]
[Round "3"]
[White "Huebner, Robert"]
[Black "Kindermann, Stefan"]
[Result "1-0"]
[WhiteElo "2620"]
[BlackElo "2515"]
[Annotator "Ribli,Z"]
[PlyCount "149"]
[EventDate "1991.05.04"]
[EventType "tourn"]
[EventRounds "13"]
[EventCountry "GER"]
[EventCategory "14"]
[SourceTitle "CBM 023"]
[Source "ChessBase"]
[SourceDate "1991.08.01"]
[SourceVersion "1"]
[SourceVersionDate "1991.08.01"]
[SourceQuality "1"]

1. c4 e5 2. Nc3 Nc6 3. g3 g6 4. Bg2 Bg7 5. e3 f5 6. Nge2 Nf6 7. O-O O-O 8. d3
d6 (8... Kh8 9. Rb1 a5 10. b3 d6 11. Bb2 g5 12. f4 Ng4 13. Nd5 Nb4 14. Qd2 gxf4
15. exf4 c6 16. Nxb4 axb4 17. h3 Nh6 18. Ra1 $14 {Petursson,M-Perovic,D Wien
op 1990 CBM/21  50/(21)}) 9. Nd5 $5 (9. Bd2 Be6 10. Nd5 Bf7 11. Rc1 Nxd5 12.
cxd5 Ne7 13. e4 c6 $13 {Lobron,E-Nikolic,Pr Vidmar-mem 1989 CBM/14  47/29}) (9.
b3 g5 10. Bb2 $6 (10. f4 $5) 10... f4 11. exf4 exf4 12. gxf4 gxf4 13. Nxf4 Ng4
$44 {Watson,J-Browne,W New York 1984 37/24}) (9. Rb1 $5 Be6 10. b4 d5 11. b5
Ne7 12. Ba3 Rf7 13. d4 $1 e4 14. Nf4 Qd7 15. Bxe7 Rxe7 16. Nxe6 Qxe6 17. Nxd5
Nxd5 18. cxd5 Qxd5 19. Qa4 $14 {Chernin-Plaskett Groningen 1979/80 29/71}) 9...
Nxd5 10. cxd5 Ne7 11. d4 $5 e4 12. Qb3 Kh8 13. f3 $1 exf3 14. Bxf3 c6 15. dxc6
bxc6 16. Nf4 Qb6 17. Qa3 Rd8 18. Bd2 a5 19. Rfc1 Bf6 20. Rc4 Bb7 21. Bc3 Nd5
22. Bxd5 cxd5 23. Ra4 Re8 24. Rxa5 Rac8 25. Re1 Bg5 26. Qb3 Qxb3 27. axb3 Bxf4
28. gxf4 Ra8 29. Rb5 Reb8 30. b4 Bc6 31. Ra5 Rxa5 32. bxa5 Bb5 33. Kf2 Kg7 34.
Rg1 Kf6 35. Ke1 Bc4 36. Kd2 Rb7 37. Kc2 Bb3+ 38. Kb1 Rc7 39. Rg2 Rb7 40. Be1
Kf7 41. Bh4 Rb8 42. Be1 Rb7 43. Bc3 Rb8 44. Kc1 Rb7 45. Kd2 Bc4 46. Rg1 Kf6 47.
Ra1 Ke6 48. Ra3 Ba6 49. Kc2 Rb8 50. b3 Kd7 51. Ra1 Kc6 52. Rg1 Rg8 53. Bb4 Kd7
54. Kb2 Rb8 55. Ka3 Rg8 56. Ka4 Bd3 57. Bd2 Ba6 58. h4 Kc6 59. h5 Bb5+ 60. Kb4
Be2 61. hxg6 hxg6 62. Rc1+ Kd7 63. Ka4 Rb8 64. Rh1 Bb5+ 65. Ka3 Re8 66. Kb4 Bd3
67. Ka4 Kc6 68. Rh7 Rg8 69. Bb4 Re8 70. Rg7 Bb5+ 71. Ka3 Rxe3 72. Rxg6 Bc4 73.
Rxd6+ Kc7 74. Rb6 Rxb3+ 75. Ka4 1-0

[Event "OHRA-A"]
[Site "Amsterdam"]
[Date "1990.??.??"]
[Round "3"]
[White "Azmaiparashvili, Zurab"]
[Black "Kortschnoj, Viktor Lvovich"]
[Result "1/2-1/2"]
[WhiteElo "2575"]
[BlackElo "2630"]
[Annotator "Ribli,Z"]
[PlyCount "70"]
[EventDate "1990.07.??"]
[EventType "tourn"]
[EventRounds "10"]
[EventCountry "NED"]
[EventCategory "14"]
[SourceTitle "CBM 020"]
[Source "ChessBase"]
[SourceDate "1991.02.01"]
[SourceVersion "1"]
[SourceVersionDate "1991.02.01"]
[SourceQuality "1"]

1. c4 e5 2. Nc3 Nc6 3. g3 g6 4. Rb1 a5 5. a3 Bg7 6. b4 axb4 7. axb4 d6 8. Bg2
Nf6 9. d3 O-O 10. Bg5 (10. b5 Ne7 11. Qb3 {Ftacnik,L-Juarez Flores,C Manila
izt 1990 CBM/19}) 10... Ne7 (10... h6 11. Bxf6 Bxf6 12. Nf3 Be6 13. Nd2 Qd7 {
Piasetski,L-Afifi,A Manila izt CBM/19}) 11. Nf3 Ne8 12. O-O h6 13. Bxe7 Qxe7
14. Nd5 Qd8 15. b5 c6 16. bxc6 bxc6 17. Nb6 Ra6 18. Nxc8 Qxc8 19. Ne1 Nc7 20.
Nc2 Ne6 21. Nb4 Rb6 22. Nc2 Qb7 23. Rxb6 Qxb6 24. Qb1 Rb8 25. Qxb6 Rxb6 26. Rc1
Nc5 27. Ne3 Kh7 28. g4 Bf6 29. Nf1 Bh4 30. Ng3 Bxg3 31. hxg3 Kg7 32. Ra1 Rb2
33. Bf3 f5 34. gxf5 gxf5 35. Kf1 e4 1/2-1/2

[Event "Reykjavik Olafsson"]
[Site "Reykjavik"]
[Date "1995.??.??"]
[Round "9"]
[White "Petursson, Margeir"]
[Black "Hjartarson, Johann"]
[Result "1/2-1/2"]
[WhiteElo "2565"]
[BlackElo "2570"]
[Annotator "Ribli,Z"]
[PlyCount "77"]
[EventDate "1995.09.??"]
[EventType "tourn"]
[EventRounds "11"]
[EventCountry "ISL"]
[EventCategory "11"]
[SourceTitle "CBM 049"]
[Source "ChessBase"]
[SourceDate "1995.12.01"]
[SourceVersion "1"]
[SourceVersionDate "1995.12.01"]
[SourceQuality "1"]

1. c4 {Donev} e5 2. Nc3 Nc6 3. g3 g6 4. Bg2 Bg7 5. e3 d6 6. d3 Nh6 (6... Nge7
$5) (6... f5 $5) 7. Nge2 O-O 8. O-O Be6 9. h3 Rb8 {Eine neue Idee. Der
Nachziehende will am Damenfluegel spielen.} (9... Qd7 10. Kh2 f5 11. b3 Rae8
12. d4 $1 f4 13. d5 f3 14. dxe6 Rxe6 15. Bxf3 Rxf3 16. Ne4 $14 {Csom,I-Yusupov,
A/Luzern ol/1982/INF34,32/}) 10. Rb1 a6 11. b3 Qd7 12. Kh2 b5 13. Bb2 bxc4 14.
bxc4 f5 15. Qa4 {Weiss zwingt den Damentausch.} (15. Qd2 $5) 15... Nb4 (15...
Rb6 $2 16. Nd5 Bxd5 17. Bxd5+ Kh8 18. Bc3 $16) 16. Qxd7 Bxd7 17. Rfd1 {Droht /
\ a3 und Nd5 in Vorteil zu kommen.} e4 $5 {Schwarz soll etwas machen, sonst
steht er schlechter.} 18. dxe4 Nxa2 (18... fxe4 $6 19. Nxe4 Nxa2 20. Bxg7 Kxg7
21. g4 $14) 19. Ba1 $1 Nxc3 20. Nxc3 Rxb1 21. Rxb1 Bxc3 $5 (21... fxe4 22. Nxe4
Bf5 23. Bxg7 Kxg7 24. Rb2 $14 {Die schwarzen Bauern (a6,c7,d6) sind schwaech.})
22. Bxc3 fxe4 23. Bxe4 $1 (23. Kg1 Bc6 24. Ra1 Ra8 25. Ba5 Rc8 (25... Ra7 26.
Rb1 $44) 26. Bc3 $10) 23... Rxf2+ 24. Kg1 Re2 {Der Anziehende hat eine sehr
starke Initiative fuer den geopferten Bauern. (zwei starke Laeufer, offene
Linien und Diagonalen)} 25. Rb8+ Kf7 26. Rh8 Rxe3 (26... Nf5 27. Bd5+ Ke7 28.
Rxh7+ Ke8 29. Bf6 $18) 27. Bd5+ Be6 (27... Ke7 $6 28. Rxh7+ Ke8 29. Bf6 $18)
28. Bxe6+ $1 (28. Rxh7+ Ke8 29. Bc6+ (29. Bd2 Rxg3+ 30. Kf2 Rxh3 $13) 29... Kf8
30. Bd2 Rxg3+ 31. Kf2 Rxh3 32. Bxh6+ Kg8 33. Rg7+ Kh8 34. Rxg6 Bxc4 $14) 28...
Ke7 $5 (28... Rxe6 29. Rxh7+ Ke8 30. Rxh6 Re3 31. Bd4 Rxg3+ 32. Kh2 Rd3 33. Bf2
Rc3 34. Rxg6 Rxc4 35. h4 $16) (28... Kxe6 $4 29. Re8+ $18) 29. Bd5 $2 (29. Bd2
$1 Rd3 (29... Rxg3+ 30. Kf2 Ra3 31. Bd5 $18) 30. Bxh6 Kxe6 31. Rxh7 Rxg3+ 32.
Kh2 Rc3 33. Rxc7 $16) 29... Rxg3+ 30. Kh2 Rxc3 31. Rxh7+ Kf6 32. Rxh6 c6 $1 33.
Bxc6 Rxc4 34. Be8 Rc8 35. Rxg6+ Kf5 36. Rg8 {Donev: Wenn der Nachziehende die
Türme tauscht, dann die Stellung ist Theoretisches Remis, weil das Feld h8
schwarz ist und der Anziehende weißfarbiges Läufer bezitz.} (36. Bd7+ {Donev}
Kxg6 37. Bxc8 a5 38. Bd7 Kg7 $10 {/\Kh8}) 36... Kf6 37. Rg6+ Kf5 (37... Ke7 $2
{Donev} 38. Ba4 $16) 38. Rg8 (38. Bf7 {Donev} Rf8 39. Rxd6 (39. Rg7 Kf6 $10)
39... Rxf7 40. Rxa6 Kg5 $10 {Das Endspiel ist Theoretisch Remis.}) 38... Kf6
39. Rg6+ {Donev: Eine besondere Art von Dauerschach und ewiger Angriff.}
1/2-1/2

[Event "Muenster"]
[Site "Muenster"]
[Date "1992.??.??"]
[Round "4"]
[White "Padevsky, Nikola Bochev"]
[Black "Gauglitz, Gernot"]
[Result "1-0"]
[WhiteElo "2400"]
[BlackElo "2435"]
[Annotator "Ribli,Z"]
[PlyCount "53"]
[EventDate "1992.07.??"]
[EventType "tourn"]
[EventRounds "11"]
[EventCountry "GER"]
[EventCategory "8"]
[SourceTitle "CBM 031"]
[Source "ChessBase"]
[SourceDate "1992.12.01"]
[SourceVersion "1"]
[SourceVersionDate "1992.12.01"]
[SourceQuality "1"]

1. c4 e5 2. g3 g6 3. Bg2 Bg7 4. Nc3 d6 5. e3 Nc6 6. d3 f5 7. Nge2 Nf6 8. Rb1 a5
9. a3 (9. O-O $5 O-O 10. b3 Kh8 11. Bb2 Be6 12. Nd5 $14 {Csom,I-Sutter,O
SWZ-GP Suhr 1992 EXP/27}) (9. b3 $5 O-O 10. Bb2 Bd7 11. Qd2 Rb8 12. O-O b6 13.
Rbe1 Kh8 14. f4 $14 {Gurevich,M-Kamsky,G Reggio Top 16 1991 CBM/22}) 9... O-O
10. O-O g5 (10... Ne7 11. b4 axb4 12. axb4 d5 13. cxd5 Nfxd5 14. Nxd5 Nxd5 15.
e4 Nb6 16. Be3 $14 {Azmayparashvili,Z-Malaniuk,V Lvov zt 1990 CBM/18}) (10...
Kh8 $5 11. b4 axb4 12. axb4 g5 13. b5 Ne7 14. f4 h6 $6 (14... gxf4 $5 15. exf4
Ng6 16. Bd2 Qe8 17. Nd5 Nxd5 18. cxd5 Ra2 19. Nc3 Ra8 20. Ne2 Ra2 $10 {Gelfand,
B-Yusupov,A Belgrad 1991 CBM/27 53/(26)}) 15. Bd2 Ng6 16. Qc2 gxf4 17. exf4 h5
18. Nd5 Rb8 19. Nxf6 Bxf6 20. Bc3 Be6 21. Rbe1 $14 {Augustin,J-Kolesar,M Brno/
Morava-C 1991 EXP/24}) 11. f4 $1 h6 (11... gxf4 $5) 12. b4 axb4 13. axb4 Qe8
14. Nd5 Nxd5 15. cxd5 Na7 (15... Ne7 $5) 16. e4 Qg6 17. b5 $1 Bd7 18. b6 $1 $14
cxb6 19. Rxb6 gxf4 20. gxf4 fxe4 21. dxe4 Bh3 22. Ng3 $1 Bxg2 23. Kxg2 exf4 24.
Bxf4 Nc8 25. Rxb7 Ra2+ 26. Kh1 Kh8 27. Qh5 1-0